<?xml version="1.0" encoding="UTF-8"?>
<record
    xmlns:xsi="http://www.w3.org/2001/XMLSchema-instance"
    xsi:schemaLocation="http://www.loc.gov/MARC21/slim http://www.loc.gov/standards/marcxml/schema/MARC21slim.xsd"
    xmlns="http://www.loc.gov/MARC21/slim">

  <leader>00487nam a22001577a 4500</leader>
  <controlfield tag="003">OSt</controlfield>
  <controlfield tag="005">20151119141634.0</controlfield>
  <controlfield tag="008">151119b        xxu||||| |||| 00| 0 eng d</controlfield>
  <datafield tag="040" ind1=" " ind2=" ">
    <subfield code="c">RUA</subfield>
  </datafield>
  <datafield tag="082" ind1=" " ind2=" ">
    <subfield code="a">FIS &#x1782;&#x17B6;&#x1784; 1996 B163 Or.1</subfield>
  </datafield>
  <datafield tag="100" ind1=" " ind2=" ">
    <subfield code="9">3932</subfield>
    <subfield code="a">&#x1782;&#x17B6;&#x1784; &#x179F;&#x17C1;&#x1784;</subfield>
  </datafield>
  <datafield tag="245" ind1=" " ind2=" ">
    <subfield code="a">&#x1780;&#x17B6;&#x179A;&#x1794;&#x17D2;&#x179A;&#x1798;&#x17BC;&#x179B;&#x1780;&#x17BC;&#x1793;&#x178F;&#x17D2;&#x179A;&#x17B8;&#x1791;&#x17B8;&#x17A1;&#x17B6;&#x1796;&#x17D2;&#x1799;&#x17B6;&#x1796;&#x17B8;&#x179F;&#x17D2;&#x179A;&#x17C7; &#x1793;&#x17B7;&#x1784;&#x17A0;&#x17B6;&#x1794;&#x17C9;&#x17B6;</subfield>
  </datafield>
  <datafield tag="260" ind1=" " ind2=" ">
    <subfield code="a">Phnom penh</subfield>
    <subfield code="b">RUA</subfield>
    <subfield code="c">1996</subfield>
  </datafield>
  <datafield tag="300" ind1=" " ind2=" ">
    <subfield code="a">77p.</subfield>
    <subfield code="b">ill.</subfield>
    <subfield code="c">29cm.</subfield>
  </datafield>
  <datafield tag="942" ind1=" " ind2=" ">
    <subfield code="2">ddc</subfield>
    <subfield code="c">FIS</subfield>
  </datafield>
  <datafield tag="999" ind1=" " ind2=" ">
    <subfield code="c">3658</subfield>
    <subfield code="d">3658</subfield>
  </datafield>
  <datafield tag="952" ind1=" " ind2=" ">
    <subfield code="0">0</subfield>
    <subfield code="1">0</subfield>
    <subfield code="2">ddc</subfield>
    <subfield code="4">0</subfield>
    <subfield code="6">FIS_&#x1782;&#x17B6;&#x1784;_1996_000000000000000_B163_OR_1</subfield>
    <subfield code="7">0</subfield>
    <subfield code="9">18003</subfield>
    <subfield code="a">LBB</subfield>
    <subfield code="b">LBB</subfield>
    <subfield code="c">B163</subfield>
    <subfield code="d">2015-11-19</subfield>
    <subfield code="o">FIS &#x1782;&#x17B6;&#x1784; 1996 B163 Or.1</subfield>
    <subfield code="p">RUA011115</subfield>
    <subfield code="r">2015-11-19</subfield>
    <subfield code="w">2015-11-19</subfield>
    <subfield code="y">FIS</subfield>
  </datafield>
  <datafield tag="952" ind1=" " ind2=" ">
    <subfield code="0">0</subfield>
    <subfield code="1">0</subfield>
    <subfield code="2">ddc</subfield>
    <subfield code="4">0</subfield>
    <subfield code="6">FIS_&#x1782;&#x17B6;&#x1784;_1996_000000000000000_B163_OR_2</subfield>
    <subfield code="7">0</subfield>
    <subfield code="9">18004</subfield>
    <subfield code="a">LBB</subfield>
    <subfield code="b">LBB</subfield>
    <subfield code="c">B163</subfield>
    <subfield code="d">2015-11-19</subfield>
    <subfield code="o">FIS &#x1782;&#x17B6;&#x1784; 1996 B163 Or.2</subfield>
    <subfield code="p">RUA011331</subfield>
    <subfield code="r">2015-11-19</subfield>
    <subfield code="w">2015-11-19</subfield>
    <subfield code="y">FIS</subfield>
  </datafield>
  <datafield tag="952" ind1=" " ind2=" ">
    <subfield code="0">0</subfield>
    <subfield code="1">0</subfield>
    <subfield code="2">ddc</subfield>
    <subfield code="4">0</subfield>
    <subfield code="6">FIS_&#x1782;&#x17B6;&#x1784;_1996_000000000000000_B163_OR_3</subfield>
    <subfield code="7">0</subfield>
    <subfield code="9">18005</subfield>
    <subfield code="a">LBB</subfield>
    <subfield code="b">LBB</subfield>
    <subfield code="c">B163</subfield>
    <subfield code="d">2015-11-19</subfield>
    <subfield code="o">FIS &#x1782;&#x17B6;&#x1784; 1996 B163 Or.3</subfield>
    <subfield code="p">RUA011070</subfield>
    <subfield code="r">2015-11-19</subfield>
    <subfield code="w">2015-11-19</subfield>
    <subfield code="y">FIS</subfield>
  </datafield>
  <datafield tag="952" ind1=" " ind2=" ">
    <subfield code="0">0</subfield>
    <subfield code="1">0</subfield>
    <subfield code="2">ddc</subfield>
    <subfield code="4">0</subfield>
    <subfield code="6">FIS_&#x1782;&#x17B6;&#x1784;_1996_000000000000000_B163_OR_4</subfield>
    <subfield code="7">0</subfield>
    <subfield code="9">18006</subfield>
    <subfield code="a">LBB</subfield>
    <subfield code="b">LBB</subfield>
    <subfield code="c">B163</subfield>
    <subfield code="d">2015-11-19</subfield>
    <subfield code="o">FIS &#x1782;&#x17B6;&#x1784; 1996 B163 Or.4</subfield>
    <subfield code="p">RUA011403</subfield>
    <subfield code="r">2015-11-19</subfield>
    <subfield code="w">2015-11-19</subfield>
    <subfield code="y">FIS</subfield>
  </datafield>
  <datafield tag="952" ind1=" " ind2=" ">
    <subfield code="0">0</subfield>
    <subfield code="1">0</subfield>
    <subfield code="2">ddc</subfield>
    <subfield code="4">0</subfield>
    <subfield code="6">FIS_&#x1782;&#x17B6;&#x1784;_1996_000000000000000_B163_OR_5</subfield>
    <subfield code="7">0</subfield>
    <subfield code="9">18007</subfield>
    <subfield code="a">LBB</subfield>
    <subfield code="b">LBB</subfield>
    <subfield code="c">B163</subfield>
    <subfield code="d">2015-11-19</subfield>
    <subfield code="o">FIS &#x1782;&#x17B6;&#x1784; 1996 B163 Or.5</subfield>
    <subfield code="p">RUA011199</subfield>
    <subfield code="r">2015-11-19</subfield>
    <subfield code="w">2015-11-19</subfield>
    <subfield code="y">FIS</subfield>
  </datafield>
  <datafield tag="952" ind1=" " ind2=" ">
    <subfield code="0">0</subfield>
    <subfield code="1">0</subfield>
    <subfield code="2">ddc</subfield>
    <subfield code="4">0</subfield>
    <subfield code="6">FIS_&#x1782;&#x17B6;&#x1784;_1996_000000000000000_B163_OR_6</subfield>
    <subfield code="7">0</subfield>
    <subfield code="9">18008</subfield>
    <subfield code="a">LBB</subfield>
    <subfield code="b">LBB</subfield>
    <subfield code="c">B163</subfield>
    <subfield code="d">2015-11-19</subfield>
    <subfield code="o">FIS &#x1782;&#x17B6;&#x1784; 1996 B163 Or.6</subfield>
    <subfield code="p">RUA011495</subfield>
    <subfield code="r">2015-11-19</subfield>
    <subfield code="w">2015-11-19</subfield>
    <subfield code="y">FIS</subfield>
  </datafield>
  <datafield tag="952" ind1=" " ind2=" ">
    <subfield code="0">0</subfield>
    <subfield code="1">0</subfield>
    <subfield code="2">ddc</subfield>
    <subfield code="4">0</subfield>
    <subfield code="6">FIS_&#x1782;&#x17B6;&#x1784;_1996_000000000000000_B163_OR_7</subfield>
    <subfield code="7">0</subfield>
    <subfield code="9">18009</subfield>
    <subfield code="a">LBB</subfield>
    <subfield code="b">LBB</subfield>
    <subfield code="c">B163</subfield>
    <subfield code="d">2015-11-19</subfield>
    <subfield code="o">FIS &#x1782;&#x17B6;&#x1784; 1996 B163 Or.7</subfield>
    <subfield code="p">RUA012422</subfield>
    <subfield code="r">2015-11-19</subfield>
    <subfield code="w">2015-11-19</subfield>
    <subfield code="y">FIS</subfield>
  </datafield>
  <datafield tag="952" ind1=" " ind2=" ">
    <subfield code="0">0</subfield>
    <subfield code="1">0</subfield>
    <subfield code="2">ddc</subfield>
    <subfield code="4">0</subfield>
    <subfield code="6">FIS_&#x1782;&#x17B6;&#x1784;_1996_000000000000000_B163_OR_8</subfield>
    <subfield code="7">0</subfield>
    <subfield code="9">18010</subfield>
    <subfield code="a">LBB</subfield>
    <subfield code="b">LBB</subfield>
    <subfield code="c">B163</subfield>
    <subfield code="d">2015-11-19</subfield>
    <subfield code="o">FIS &#x1782;&#x17B6;&#x1784; 1996 B163 Or.8</subfield>
    <subfield code="p">RUA012349</subfield>
    <subfield code="r">2015-11-19</subfield>
    <subfield code="w">2015-11-19</subfield>
    <subfield code="y">FIS</subfield>
  </datafield>
  <datafield tag="952" ind1=" " ind2=" ">
    <subfield code="0">0</subfield>
    <subfield code="1">0</subfield>
    <subfield code="2">ddc</subfield>
    <subfield code="4">0</subfield>
    <subfield code="6">FIS_&#x1782;&#x17B6;&#x1784;_1996_000000000000000_B163_OR_9</subfield>
    <subfield code="7">0</subfield>
    <subfield code="9">18011</subfield>
    <subfield code="a">LBB</subfield>
    <subfield code="b">LBB</subfield>
    <subfield code="c">B163</subfield>
    <subfield code="d">2015-11-19</subfield>
    <subfield code="o">FIS &#x1782;&#x17B6;&#x1784; 1996 B163 Or.9</subfield>
    <subfield code="p">RUA012350</subfield>
    <subfield code="r">2015-11-19</subfield>
    <subfield code="w">2015-11-19</subfield>
    <subfield code="y">FIS</subfield>
  </datafield>
  <datafield tag="952" ind1=" " ind2=" ">
    <subfield code="0">0</subfield>
    <subfield code="1">0</subfield>
    <subfield code="2">ddc</subfield>
    <subfield code="4">0</subfield>
    <subfield code="6">FIS_&#x1782;&#x17B6;&#x1784;_1996_000000000000000_B163_OR_10</subfield>
    <subfield code="7">0</subfield>
    <subfield code="9">18012</subfield>
    <subfield code="a">LBB</subfield>
    <subfield code="b">LBB</subfield>
    <subfield code="c">B163</subfield>
    <subfield code="d">2015-11-19</subfield>
    <subfield code="o">FIS &#x1782;&#x17B6;&#x1784; 1996 B163 Or.10</subfield>
    <subfield code="p">RUA012419</subfield>
    <subfield code="r">2015-11-19</subfield>
    <subfield code="w">2015-11-19</subfield>
    <subfield code="y">FIS</subfield>
  </datafield>
</record>
